000 00299 a2200133 4500
000 nam a22 7a 4500
100 _aTricia,Hodson
110 _aTricia,Hodson
245 _aBiochemistry
250 _alatest edition
260 _bBRILLIANCE
_c2026
264 _bBRILLIANCE
_c2026
942 _cBK
999 _c394077
_d394077